Lectvra institvtionvm
में बचाया:
| मुख्य लेखक: | |
|---|---|
| स्वरूप: | पुस्तक |
| भाषा: | लैटिन |
| प्रकाशित: |
Bolonia
Forni
1978
|
| श्रृंखला: | Opera Ivridica Rariora, 20
|
| विषय: | |
| टैग: |
टैग जोड़ें
कोई टैग नहीं, इस रिकॉर्ड को टैग करने वाले पहले व्यक्ति बनें!
|
MARC
| LEADER | 00000nam a2200000 a 4500 | ||
|---|---|---|---|
| 001 | UCR2760 | ||
| 003 | CL-VaPUC | ||
| 008 | 980116e19780000IT |||||||||||||||||lat|d | ||
| 082 | 0 | 4 | |a 342.001 |b SPI |2 21 |
| 100 | 0 | |a Spinelli, Nicolavs |e author |9 401105 | |
| 245 | 1 | 0 | |a Lectvra institvtionvm |
| 300 | |a 81 p | ||
| 942 | |c BK | ||
| 945 | |d 19980116 00:00:00 |a cmena | ||
| 260 | |a Bolonia |b Forni |c 1978 | ||
| 650 | 7 | |a INSTITUCIONES |2 CL-VaPUC |9 329701 | |
| 650 | 0 | |a Administración pública |9 255343 | |
| 650 | 0 | |a Derecho civil |9 255013 | |
| 650 | 0 | |a Codificación |9 258568 | |
| 650 | 0 | |a Filosofía del derecho |9 255050 | |
| 583 | |a last modification |c 19980116 00:00:00 |k Rodrigo Vera | ||
| 490 | 0 | |a Opera Ivridica Rariora, 20 | |
| 999 | |c 265889 |d 265887 | ||
| 952 | |0 0 |1 0 |4 0 |6 342_001000000000000_SPI_1978 |7 0 |8 DER_HIS |9 297027 |a BIBDER |b BIBDER |d 2019-11-20 |i 1940171 |o 342.001 SPI 1978 |p 1940171 |r 2023-01-25 |w 2019-11-20 |x Ubicación 4to Piso |y BK_X |z Estos recursos deben solicitarse con anticipación |k DER | ||